[Event "MCR mladeze, Kouty 2018 - D10"]
[Site "Kouty nad Desnou"]
[Date "2018.03.10"]
[Round "1"]
[White "Zadrapova, Amalie"]
[Black "Barteckova, Nikol"]
[Result "1-0"]
[WhiteElo "1141"]
[BlackElo "1000"]
[EventDate "2018.03.10"]

1. e4  e5  2. Nf3  Nc6
3. Bb5  Bd6  4. O-O
Bf8  5. d3  Bd6
6. Be3  Nf6  7. Nc3 O-O  8. Qd2
a6  9. Ba4  Bb4
10. Bxc6  dxc6  11. Nxe5  Be6
12. a3  Ba5  13. b4
Bb6  14. Bxb6  cxb6
15. Kh1  c5  16. bxc5
bxc5  17. Rab1  b5
18. f4  b4  19. axb4
cxb4  20. Rxb4  a5
21. Ra4  Qe8  22. f5
Bd7  23. Nxd7  Qxd7
24. e5  Ng4  25. Rxg4
a4  26. Qg5  h6
27. Qxg7# 1-0

[Event "MCR mladeze, Kouty 2018 - D10"]
[Site "Kouty nad Desnou"]
[Date "2018.03.10"]
[Round "1"]
[White "Hujerova, Melisa"]
[Black "Myskova, Veronika"]
[Result "0-1"]
[WhiteElo "1000"]
[BlackElo "1135"]
[EventDate "2018.03.10"]

1. e4 e5 2. Bc4  Nf6  3. Nf3  Nc6
4. O-O  Nxe4  5. d3
Nf6  6. Ng5  d5
7. Bb3  Bc5  8. Nc3  O-O
9. Nf3  Bf5  10. Bg5
Be7  11. Bxf6  Bxf6
12. Bxd5  Qd6  13. Nh4
Be6  14. Be4  g6
15. Nb5  Qd7  16. Qe1
Bxh4  17. Rd1 Rad8 18. d4  exd4
19. g3  Bf6  20. c3
Bg4  21. f3  Be6
22. Qf2  a6  23. Nxd4
Nxd4  24. cxd4  Bxd4
25. Rxd4 Qxd4 26. Qxd4  Rxd4
27. Bxb7 Rb8 28. Bxa6 Rxb2 29. Ra1  Bh3 30. a3 Rbd2
31. a4  Rd1+  32. Kf2 Rxa1 33.
Bb5  Ra3  34. f4  Rd2+
35. Ke1  Rb2  36. Be2
Raa2  37. Kf2 Bg4 38. a5  Rxe2+
39. Kf1  Ra1#  0-1

[Event "MCR mladeze, Kouty 2018 - D10"]
[Site "Kouty nad Desnou"]
[Date "2018.03.10"]
[Round "1"]
[White "Reznickova, Sibyla"]
[Black "Kosarova, Eliska"]
[Result "1-0"]
[WhiteElo "1101"]
[BlackElo "1000"]
[EventDate "2018.03.10"]

1. d4  d5  2. c4  c5
3. e3  dxc4  4. Bxc4
Bf5  5. Nc3  Nc6
6. Nf3  Na5  7. Bb5+
Bd7  8. Bxd7+  Qxd7
9. Bd2  O-O-O  10. Ne5
Qd6  11. Nxf7  Qf6
12. Nxd8  Kxd8  13. Na4
b6  14. dxc5  bxc5
15. Bxa5+  Ke8  16. O-O
e5  17. Nc3  Qa6
18. Bc7  Qa5  19. Bxa5 g5
20. Qd2 Be7  21. f4  gxf4
22. exf4  exf4  23. Rxf4
Bf6  24. Re1+  Kf8
25. Qd8+  Kg7  26. Qd7+
Kg6  27. Rg4+ Kh6 28. Re3 Bg5 29. Qd5
Bxe3+  30. Kh1  Nf6
31. Qe6  Rd8  32. Qxf6+
Kh5  33. Qh4#  1-0

[Event "MCR mladeze, Kouty 2018 - D10"]
[Site "Kouty nad Desnou"]
[Date "2018.03.10"]
[Round "1"]
[White "Kubickova, Linda"]
[Black "Cinkova, Vicky"]
[Result "0-1"]
[WhiteElo "1000"]
[BlackElo "1100"]
[EventDate "2018.03.10"]

1. e4 c5 2. e5 g6 3. d4 b6 4. dxc5 bxc5 5. Qd5 e6 6. Qxa8 Nc6 7. Bb5 Qa5+ 8. c3
Nge7 9. Bxc6 dxc6 10. Qxc6+ Nxc6 11. Bf4 Nd4 12. Na3 Bb7 13. Nc4 Qa4 14. b3 Nxb3
15. Rb1 Qxc4 16. axb3 Qe4+ 17. Be3 Qxb1+ 18. Ke2 Bxg2 19. Nf3 Bxf3+ 20. Kd2 Qxh1
21. Bg5 Qd1+ 22. Ke3 Qe2+ 23. Kf4 Qe4+ 24. Kg3 Qg4# 0-1

[Event "MCR mladeze, Kouty 2018 - D10"]
[Site "Kouty nad Desnou"]
[Date "2018.03.10"]
[Round "1"]
[White "Hosova, Stella"]
[Black "Micova, Barbora"]
[Result "1-0"]
[WhiteElo "1100"]
[BlackElo "1000"]
[EventDate "2018.03.10"]

1. e4  e5  2. Nf3  Nc6
3. Bc4  Nf6  4. Ng5
d5  5. exd5  Na5
6. Qe2  Nxc4  7. Qxc4
Bg4  8. O-O  Bd6
9. Nc3  O-O  10. Nge4
Nxe4  11. Qxe4  Qh4
12. Nb5  Rfe8  13. h3
Bh5 14. Qxh4 Be2  15. Nxd6  cxd6
16. Re1  Bb5  17. d3
Rac8  18. Qg3  Rxc2
19. Bh6  g6  20. a4
Ba6  21. b4  b5
22. axb5  Bxb5  23. Rxa7  Rb2
24. Qf3  Kh8 25. Qxf7 Rg8  26.
Ra8  Bxd3 27. Qxg8# 1-0

[Event "MCR mladeze, Kouty 2018 - D10"]
[Site "Kouty nad Desnou"]
[Date "2018.03.10"]
[Round "1"]
[White "Pecova, Melisa"]
[Black "Mrazova, Vendula"]
[Result "1-0"]
[WhiteElo "1000"]
[BlackElo "1100"]
[EventDate "2018.03.10"]

1. e4  e5  2. Nf3  Nc6
3. Bc4  Bc5  4. d3
Nf6  5. Ng5  O-O
6. Bxf7+  Kh8  7. Nc3
d6  8. O-O  Bg4
9. Qe1  Qe7  10. Nd5  Nxd5
11. Qd2  Rxf7  12. Nxf7+
Qxf7  13. h3  Be6
14. exd5  Bxd5 15. Qg5 h6  16.
Qg4  Rf8  17. Qh4  g5 18. Qxh6+
Kg8  19. Bxg5  Bxf2+  20. Kh2
Bxg2  21. Kxg2  Qf3+
22. Kh2  Qg3+  23. Kh1
Rf6  24. Bxf6  Kf7
25. Bxe5  Nxe5  26. Rae1
Ke8  27. Re4  c6
28. Rh4  Nf3  29. Qh8+
Kf7  30. Rh7+  Kg6
31. Qg7+  Kf5  32. Qxg3
Bxg3  33. Rxf3+  Ke5
34. Rxg3  1-0

[Event "MCR mladeze, Kouty 2018 - D10"]
[Site "Kouty nad Desnou"]
[Date "2018.03.10"]
[Round "1"]
[White "Svrchokrylova, Ludmila"]
[Black "Souralova, Alena"]
[Result "1-0"]
[WhiteElo "1100"]
[BlackElo "1000"]
[EventDate "2018.03.10"]

1. e4  e5  2. Nf3  Nc6
3. Bc4  Nf6  4. Ng5
d5  5. exd5  Nxd5
6. O-O  Bc5  7. d3
Bf5  8. Qf3  Qe7
9. Bxd5  Be6  10. Bxc6+
bxc6  11. Qxc6+ Bd7 12. Qxa8+
Qd8  13. Qd5  Bxf2+  14. Rxf2
c6  15. Qxf7# 1-0

[Event "MCR mladeze, Kouty 2018 - D10"]
[Site "Kouty nad Desnou"]
[Date "2018.03.10"]
[Round "1"]
[White "Vojcakova, Anastazie"]
[Black "Ticha, Valerie"]
[Result "0-1"]
[WhiteElo "1000"]
[BlackElo "1100"]
[EventDate "2018.03.10"]

1. d4  d5  2. Bf4  Bf5
3. e3  Nc6  4. Nf3
Nf6  5. Nc3  e6
6. Bd3  Bg6  7. Bxg6  hxg6
8. O-O  Bb4  9. a3
Bd6  10. Bxd6  Qxd6
11. Nb5  Qe7  12. Re1
O-O-O  13. Qd2  a6
14. Nc3  Qd6  15. Rad1
g5  16. h3  g4
17. hxg4  Nxg4  18. Kf1  Nh2+
19. Ke2  Nxf3  20. gxf3
Rh2  21. Rh1  Qg3
22. Rxh2  Qxh2  23. Qc1
Rh8  24. Rg1  Rh3
25. e4  Nxd4+  26. Ke3
Nxf3 27. Rxg7  Ng5+  28. Ke2
Nxe4  29. Nxe4  dxe4
30. Qd1  Rh8  31. Rxf7
Qh5+  32. Ke1  Qxf7
33. Qd4  Rh2  34. Qa7
Rxf2  35. Qxf2  Qxf2+
36. Kxf2  Kd7  37. Ke3
Kd6  38. Kxe4  e5
39. b3  b5  40. c4
c6  41. cxb5  cxb5
42. a4  bxa4  43. bxa4
Kc5  44. Kd3  Kb4
45. Kc2  Kxa4  46. Kb1
e4  47. Kc1  Kb4
48. Kd2  a5  49. Ke3 a4 50. Kxe4
a3  51. Kd3  a2
52. Ke4  a1=Q 53. Kf4 Kc4  54. Kg4
Kd4  55. Kf3  Qe1
56. Kg4  Qf1  57. Kg5
Ke5  58. Kg4  Qf4+
59. Kh3  Qg5  60. Kh2
Kf4  61. Kh1 Kf3 62. Kh2  Qg2#
0-1

[Event "MCR mladeze, Kouty 2018 - D10"]
[Site "Kouty nad Desnou"]
[Date "2018.03.10"]
[Round "1"]
[White "Hrbkova, Johana"]
[Black "Vojcakova, Cecilie"]
[Result "1-0"]
[WhiteElo "1093"]
[BlackElo "1000"]
[EventDate "2018.03.10"]

1. e4  Nf6  2. Nc3  d5
3. exd5  Nxd5  4. Bc4
Nxc3  5. bxc3  e6
6. Nf3  Bc5  7. O-O
O-O  8. d3  Nd7
9. Bf4  Bd6  10. Be3  Ne5
11. Nxe5  Bxe5  12. d4
Bd6  13. Rb1  e5
14. dxe5  Bxe5  15. Qf3
Qh4  16. g3  Qxc4
17. Rb3  Bh3  18. Re1
Bxc3  19. Reb1  Rfd8
20. Qxb7  Bd4  21. Rb4
Qd5  22. Qxd5  Rxd5
23. Bxd4  a5  24. Rb8+
Rxb8  25. Rxb8+  Bc8
26. Rxc8+  Rd8  27. Rxd8#
1-0

[Event "MCR mladeze, Kouty 2018 - D10"]
[Site "Kouty nad Desnou"]
[Date "2018.03.10"]
[Round "1"]
[White "Zamarska, Natalie"]
[Black "Barteckova, Denisa"]
[Result "0-1"]
[WhiteElo "1000"]
[BlackElo "1091"]
[EventDate "2018.03.10"]

1. d4  d5  2. e3  Nc6
3. Nf3  Nf6  4. Bd3
Bg4  5. h3  Bh5
6. Nbd2  e6  7. O-O  Bd6
8. c3  O-O  9. g4 Nxg4 10. hxg4
Bxg4  11. Kh1  Qf6
12. Qc2  Qh6+  13. Kg1
g6  14. Re1  f5
15. e4  Bxf3 16. Nxf3  Qh3  17.
Re3  f4  18. Re2  Qxf3
19. e5  Qg4+  20. Kh1
f3  21. Re1  Qg2#
0-1

[Event "MCR mladeze, Kouty 2018 - D10"]
[Site "Kouty nad Desnou"]
[Date "2018.03.11"]
[Round "2"]
[White "Cinkova, Vicky"]
[Black "Janouskova, Adela"]
[Result "0-1"]
[WhiteElo "1100"]
[BlackElo "1399"]
[EventDate "2018.03.10"]

1. e4  c5  2. Nf3  Nc6
3. d4  cxd4  4. Nxd4
g6  5. Nc3  Bg7
6. Be3  Nf6  7. Bc4  O-O
8. Bb3  Qc7  9. f3
b6  10. O-O  Ba6
11. Re1  Rfd8  12. Qd2
Nh5  13. Nd5  Qb7
14. Nxc6  dxc6  15. c3
cxd5  16. Bxd5  Qc8
17. Qc2  Rb8  18. Qb3
e6  19. Bg5  Bf6
20. e5  Bxg5  21. Be4
Qc5+  22. Kh1  Bb7
23. Bc2  Qf2  24. Rad1
Nf4  25. Rg1  Bxf3
26. Be4  Bxe4  27. Rd2
Rxd2  28. Qc2  Bxg2+
29. Rxg2  Qxg2#  0-1

[Event "MCR mladeze, Kouty 2018 - D10"]
[Site "Kouty nad Desnou"]
[Date "2018.03.11"]
[Round "2"]
[White "Sikorova, Jana"]
[Black "Reznickova, Sibyla"]
[Result "1-0"]
[WhiteElo "1295"]
[BlackElo "1101"]
[EventDate "2018.03.10"]

1. d4  d5  2. Bf4  Nf6
3. e3  Bf5  4. c3
e6  5. Nd2  Bd6
6. Bg3  Nc6 7. Be2  O-O  8. Ngf3
Re8  9. Ne5  Nd7
10. Ndf3  Bg4  11. Nxg4
h5  12. Nge5  h4
13. Nxc6  bxc6 14. Bxh4  Nf6
15. Ne5  Be7  16. Nxc6
Qd6  17. Nxe7+  Qxe7
18. Bd3  e5  19. dxe5
Qxe5  20. Bxf6  Qxf6
21. Qh5  g6  22. Qxd5
Rab8  23. Rb1  Re5
24. Qd4  Rd8  25. Qc4
Rg5  26. O-O  Qf3
27. Be4  Qh3  28. Kh1
Qh5  29. Bf3  Qh6
30. Qf4  Kg7  31. h4
Rh8  32. g3  f6
33. Qxc7+  Kg8  34. Qd8+  Kg7
35. Qd7+ Kf8  36. Qh3  Rc5
37. Rbd1  Rf5  38. e4
g5  39. exf5  Rg8
40. Bg2  Rg7  41. Rd2
Rh7  42. Rfd1  Re7
43. Qg4  Kf7  44. Qc4+
Kf8  45. Rd8+  Re8
46. R1d7  Qh5  47. Bf3
Qxf3+  48. Kg1  Qh5
49. g4  Qh7  50. Rxh7
Rxd8  51. Qf7# 1-0

[Event "MCR mladeze, Kouty 2018 - D10"]
[Site "Kouty nad Desnou"]
[Date "2018.03.11"]
[Round "2"]
[White "Ticha, Valerie"]
[Black "Hetfleischova, Elen"]
[Result "0-1"]
[WhiteElo "1100"]
[BlackElo "1250"]
[EventDate "2018.03.10"]

1. e4  e5  2. Nf3  Nc6
3. d4  d6  4. Nc3
Be7  5. Bb5  a6
6. Bc4  Nf6  7. O-O  O-O
8. Bg5  exd4  9. Nxd4
Nxd4  10. Qxd4  Be6
11. Bb3  c6  12. f3
b6  13. Rfe1  Qc7
14. Qd3  b5  15. a3
c5  16. Ba2  Qa7
17. Re2  c4+  18. Qe3
Qxe3+  19. Rxe3  Rfe8
20. b3  Rac8  21. Rae1
d5  22. exd5  Bc5 23. dxe6
Bxe3+  24. Rxe3  Rxe6
25. Rxe6  fxe6  26. Bxf6
gxf6  27. Ne4  Kg7
28. Nd6  Rc6  29. Ne8+
Kf7  30. Nxf6  Kxf6
31. bxc4  bxc4  32. Kf2
Ke5  33. g3  Kd4
34. a4  Kc3  35. g4
Kxc2  36. Ke3  c3
0-1

[Event "MCR mladeze, Kouty 2018 - D10"]
[Site "Kouty nad Desnou"]
[Date "2018.03.11"]
[Round "2"]
[White "Filipova, Vanesa"]
[Black "Hosova, Stella"]
[Result "1-0"]
[WhiteElo "1247"]
[BlackElo "1100"]
[EventDate "2018.03.10"]

1. e4  c5  2. Nf3  Nc6
3. d4  cxd4  4. Nxd4
Nf6  5. Nc3  g6
6. Bg5  Bg7  7. Bc4  O-O
8. O-O  Nh5  9. Ncb5
a6  10. c3  axb5
11. Nxb5  Ne5  12. Bd5
Qb6  13. c4  e6
14. Be3  Qd8  15. Bc5  Re8
16. Nd6  Rf8  17. Nxb7
Qc7  18. Bxf8  Kxf8
19. Qb3  exd5  20. Qb4+
Kg8  21. Nd6  Rb8
22. Qa3  Bf8  23. Ne8
Qd8  24. Qa7  Rb7
25. Qd4  Qxe8  26. Rfe1
Nxc4  27. exd5  Qd8
28. Qxc4  Rc7  29. Qd4
Bc5  30. Qe5  Kf8
31. Qh8#  1-0

[Event "MCR mladeze, Kouty 2018 - D10"]
[Site "Kouty nad Desnou"]
[Date "2018.03.11"]
[Round "2"]
[White "Barteckova, Denisa"]
[Black "Dobsa, Emma"]
[Result "1-0"]
[WhiteElo "1091"]
[BlackElo "1195"]
[EventDate "2018.03.10"]

1. e4  e5 2. Nf3  Nc6  3. Nc3
Nf6  4. Bb5  Bb4
5. d3  d6  6. O-O
O-O  7. Bg5  Bxc3
8. bxc3  Bg4  9. Bxc6
bxc6  10. Qd2  Bxf3
11. gxf3  h6  12. Bxh6
Nh5  13. Bg5  Qd7
14. Bh6  Nf4  15. Bxf4
exf4  16. Qxf4  Rae8
17. Kh1  Re6  18. Qh4
Rh6  19. Qg3  Rg6
20. Qh4  f5  21. Rg1
Rff6  22. Qh5  Qf7
23. Rg3  f4  24. Rh3
Rh6  25. Qg4  Rfg6
26. Qc8+  Qf8  27. Qxf8+
Kxf8  28. Rxh6  Rxh6
29. Kg2 Rh5 30. Rb1  Rc5  31.
Rb3  Ra5  32. a3  Ke7
33. h4  Ke6  34. Kh3
d5  35. Kg4  Ke5
36. d4+  Kf6  37. e5+
Ke6  38. Kxf4  c5
39. Kg5  cxd4  40. cxd4
c5  41. c3  cxd4
42. cxd4  Ra4  43. Rb7
Rxd4  44. Rxg7  Ra4
45. h5  d4  46. h6
d3  47. h7  d2
48. h8=Q  d1=Q  49. Qe8+  1-0

[Event "MCR mladeze, Kouty 2018 - D10"]
[Site "Kouty nad Desnou"]
[Date "2018.03.11"]
[Round "2"]
[White "Dudkova, Josefina"]
[Black "Svrchokrylova, Ludmila"]
[Result "1-0"]
[WhiteElo "1182"]
[BlackElo "1100"]
[EventDate "2018.03.10"]

1. e4  e5  2. Nc3  Nf6
3. Bc4  Bc5  4. d3
d6  5. Bg5  O-O
6. Nd5  Qd7  7. Bxf6  Qe6
8. Bh4  Qg6  9. Ne7+
Kh8  10. Nxg6+  fxg6
11. Ne2  Bg4  12. O-O
Bd4  13. c3  Bc5
14. h3  Bxf2+  15. Rxf2
Rf4  16. Rxf4  exf4
17. hxg4  Nc6  18. Nxf4
Rf8  19. Bg3  g5
20. Ne6  Rf6  21. Qd2
Ne5  22. Qxg5  Rf7
23. Qd8+  Rf8  24. Qxf8#
1-0

[Event "MCR mladeze, Kouty 2018 - D10"]
[Site "Kouty nad Desnou"]
[Date "2018.03.11"]
[Round "2"]
[White "Stavova, Lucie"]
[Black "Zadrapova, Amalie"]
[Result "0-1"]
[WhiteElo "1000"]
[BlackElo "1141"]
[EventDate "2018.03.10"]

1. e4  c5  2. Nf3  d6
3. Nc3  Nf6  4. d3
g6  5. Bf4  Bg7
6. Nd5  Nxd5  7. exd5  Bxb2
8. Rb1  Bg7  9. Be2
O-O  10. O-O  e5
11. Bg5  Bf6  12. Bxf6
Qxf6  13. h3  Re8
14. Re1  e4  15. dxe4
Rxe4  16. Bd3  Rxe1+
17. Qxe1  Bxh3  18. gxh3
Qxf3  19. Be4  Qxh3
20. Rxb7  Qc8  21. Rb3
Qe8  22. Re3  Qa4
23. Qa1  Nd7  24. Rf3
Qxe4  25. Qd1  Re8
26. Re3  Qf5  27. Rxe8+
Kg7  28. Re7  Qg5+
29. Kf1  Qxe7  30. Qg4
Nf6  31. Qg5  Qe5
32. Qd2  Qxd5  33. Qa5
Qd1+  34. Kg2  Nh5
35. Qxa7  Qg4+  36. Kf1
Qf3  37. Qe7  Nf4
38. Qxd6  Qh1# 0-1

[Event "MCR mladeze, Kouty 2018 - D10"]
[Site "Kouty nad Desnou"]
[Date "2018.03.11"]
[Round "2"]
[White "Myskova, Veronika"]
[Black "Hrbkova, Johana"]
[Result "0-1"]
[WhiteElo "1135"]
[BlackElo "1093"]
[EventDate "2018.03.10"]

1. e4  e5  2. Nf3  Nc6
3. Bc4  Nf6  4. Ng5
d5  5. exd5  Na5
6. b3  h6  7. Nf3
e4  8. Ne5  Bd6
9. Bb2  O-O  10. O-O  Bf5
11. f3  exf3  12. Qxf3
Bxc2  13. Rc1  Be4
14. Qg3  Nxc4  15. bxc4
Re8  16. d3  Bxd3
17. Qxd3  Bxe5  18. Bxe5
Rxe5  19. Rf1  Ng4
20. Qg3  Qg5  21. Nd2
Qxd2  22. Qxg4  Rg5
23. Qf3  f6  24. Rf2
Qd4  25. Re1  Qxc4
26. d6  Rb8  27. d7
Kf8  28. Rd2  Rd8
29. Qe2  Qxe2  30. Rexe2
Rc5  31. h3  c6
32. a4  Rd5  33. Rxd5  cxd5
34. a5  Rxd7  35. Kf2
d4  36. g4  d3
37. Rd2  b5  38. Ke3  Kf7
39. Rxd3  Rxd3+  40. Kxd3
Kg6  41. a6  Kg5
42. Kd4  Kh4  43. Kc5
b4  44. Kxb4  Kxh3
45. Kb5  Kxg4  46. Kc6
h5  47. Kb7  h4
48. Kxa7  h3  49. Kb7  h2
50. a7  h1=Q+  51. Kb8
f5  52. a8=Q  Qxa8+ 53. Kxa8
f4  0-1

[Event "MCR mladeze, Kouty 2018 - D10"]
[Site "Kouty nad Desnou"]
[Date "2018.03.11"]
[Round "2"]
[White "Veverkova, Dorota"]
[Black "Pecova, Melisa"]
[Result "1-0"]
[WhiteElo "1086"]
[BlackElo "1000"]
[EventDate "2018.03.10"]

1. e4  e5  2. Nf3  Nc6
3. Bc4  Nf6  4. Ng5
d5  5. exd5  Na5
6. Bb5+  c6  7. dxc6
bxc6  8. Be2  Qb6
9. O-O  Qc7  10. d3
e4  11. dxe4  Qe5
12. Re1  Bd6  13. Nf3
Qh5  14. Qxd6  Bg4
15. b4  Bxf3  16. Bxf3
Qh4  17. bxa5  Ng4
18. Bxg4  Qxg4  19. Qxc6+
Ke7  20. Ba3+  Kd8
21. Qxa8+  Kd7  22. Qxh8
h5  23. Nc3  h4
24. Red1+  Kc6  25. Qe8+  Kc7
26. Qd8+  Kb7  27. Rab1+
Kc6  28. Qd6# 1-0

[Event "MCR mladeze, Kouty 2018 - D10"]
[Site "Kouty nad Desnou"]
[Date "2018.03.11"]
[Round "2"]
[White "Mrazova, Vendula"]
[Black "Hujerova, Melisa"]
[Result "0-1"]
[WhiteElo "1100"]
[BlackElo "1000"]
[EventDate "2018.03.10"]

1. e4  e5  2. Nf3  Bc5
3. Bc4  Nf6  4. d3
d6  5. Nc3  c6
6. Bg5  h6  7. Bxf6 Qxf6 8. Qd2
O-O  9. O-O-O  Bg4  10. Rde1
d5  11. exd5  e4
12. Na4  Bd6  13. h3
Bf4  14. Re3  cxd5
15. Bxd5  Nd7  16. hxg4
exf3  17. gxf3  Rfe8
18. Rxe8+  Rxe8  19. g5
Qf5  20. Be4  Qe5
21. Bh7+  Kxh7  22. d4
Bxd2+  23. Kxd2  Qxd4+
24. Kc1  Qd6  25. gxh6
gxh6  26. b3  a6
27. Nc3  b5  28. a4 b4 29. Rd1
Qc7  30. Nd5  Qc6
31. Nxb4  Qxf3  32. Rd2
h5  33. Nd5  h4
34. Nc7  Rc8  35. Nxa6  h3
36. Rxd7  h2  37. Rc7
Rf8  38. Kd2  h1=Q 39. c4
Rd8+  40. Kc2  Qhg2
41. Rxf7+  Qxf7  42. b4
Qff3  43. Nc7  Qgxf2+
44. Kc1  Q2g2  45. Ne6
Qff1#  0-1

[Event "MCR mladeze, Kouty 2018 - D10"]
[Site "Kouty nad Desnou"]
[Date "2018.03.11"]
[Round "2"]
[White "Kosarova, Eliska"]
[Black "Barteckova, Valerie"]
[Result "0-1"]
[WhiteElo "1000"]
[BlackElo "1080"]
[EventDate "2018.03.10"]

1. e4  e5  2. Bc4  Nf6
3. Qf3  Nc6  4. d4
Nxd4  5. Qd1  Bb4+
6. c3  Ba5  7. Bg5
d6  8. Bxf6  Qxf6
9. Ne2  Nxe2  10. Bxe2
O-O  11. b4  Bb6
12. c4  Bxf2+  13. Kf1
Bd4+  14. Ke1  Bxa1
15. Nd2  Bc3  16. Qc1
Bxb4  17. Rf1  Qh4+
18. Kd1  Bxd2  19. Qxd2
Qxh2  20. Bf3  f5
21. a4  fxe4  22. Bxe4
Rxf1+  23. Kc2  Bf5
0-1

[Event "MCR mladeze, Kouty 2018 - D10"]
[Site "Kouty nad Desnou"]
[Date "2018.03.11"]
[Round "2"]
[White "Hladka, Leontyna"]
[Black "Kubickova, Linda"]
[Result "1-0"]
[WhiteElo "1078"]
[BlackElo "1000"]
[EventDate "2018.03.10"]

1. e4  e5  2. Nf3  Nc6
3. Bc4  Nf6 4. d4  Qe7
5. dxe5  Nxe5  6. Bb3
Nxe4  7. Bf4  Nxf3+
8. gxf3  Nc5+  9. Be3
d6  10. O-O  g6
11. Re1  Bg7  12. Bxc5  Bxb2
13. Rxe7+  Kxe7  14. Bd4
Bxa1  15. Bxa1  h5
16. Bxh8  f6  17. Qe2+
Be6  18. Bxe6  Rxh8
19. Bd5+  Kf8  20. Bxb7
Kg7  21. Qe7+  Kh6
22. Qxf6  1-0

[Event "MCR mladeze, Kouty 2018 - D10"]
[Site "Kouty nad Desnou"]
[Date "2018.03.11"]
[Round "2"]
[White "Micova, Barbora"]
[Black "Archlebova, Stela"]
[Result "1-0"]
[WhiteElo "1000"]
[BlackElo "1033"]
[EventDate "2018.03.10"]

1. e4  e5  2. Nf3  Nc6
3. Nc3  Nf6  4. Bb5
d6  5. h3  Bd7
6. d3  h6  7. Be3  Be7
8. O-O  O-O  9. Re1
a6  10. Bxc6  bxc6
11. d4  exd4  12. Qxd4
Rb8  13. e5  dxe5
14. Qxe5  Bd6  15. Qd4
Rxb2  16. Nd5  Rxc2
17. Nxf6+  Qxf6  18. Qxf6
gxf6  19. Bd2  Kh7
20. Re4  Bf5  21. Rh4
Be5  22. Nxe5  fxe5
23. Bxh6  Re8  24. Bg5+
Kg6  25. Bc1  Rd8
26. Rh6+  Kg7  27. Bg5
Rc8  28. Re1  Re8
29. Re3  Rc1+  30. Kh2
Re6  31. Rxe6  Bxe6
32. Rg3  Rc2  33. Be7+
Kh7  34. Bf8  Rxf2
35. Rg7+  Kh8  36. Kg3
Rf6  37. Kh4  Rh6+
38. Kg5  Rg6+  39. Rxg6
fxg6  40. Kxg6  Bxa2
41. h4  e4  42. h5
e3  43. h6  e2
44. Bg7+  Kg8  45. h7# 1-0

[Event "MCR mladeze, Kouty 2018 - D10"]
[Site "Kouty nad Desnou"]
[Date "2018.03.11"]
[Round "2"]
[White "Souralova, Jana"]
[Black "Vojcakova, Anastazie"]
[Result "1-0"]
[WhiteElo "1016"]
[BlackElo "1000"]
[EventDate "2018.03.10"]

1. e4  Nf6  2. Nc3  d5
3. Nxd5  Nxd5  4. exd5
Qxd5  5. Nf3  e6
6. Be2  Bc5  7. O-O
O-O  8. d3  Nc6
9. c4  Qd6  10. b3  e5
11. Bb2  f6  12. Nd2
Nd4  13. Bxd4  Bxd4
14. Ne4  Qc6  15. Rc1
Bf5  16. Bg4  Bb2
17. Rc2  Bd4  18. Bxf5
g6  19. Bh3  f5
20. Nc3  e4  21. dxe4  fxe4
22. Qxd4  Rfd8  23. Qxe4
Qxe4  24. Nxe4  Rd4
25. Re1  Rad8  26. Bg4
h5  27. Bf3  c6
28. h3  h4  29. Ng5  R8d7
30. Bg4  R7d6 31. Ne4  Rd8
32. Ng5  R8d6  33. Re6
Rxe6  34. Nxe6  Re4
35. Re2  Rxe2  36. Bxe2 Kf7 37.
Nd8+  Ke7  38. Nxb7  Kd7
39. Nc5+  Kd6  40. Ne4+
Kc7  41. g4  hxg3
42. fxg3  Kb6  43. c5+
Ka5  44. Nd6  Kb4
45. Nc8  a5  46. Na7
Kxc5  47. Bf3  Kb4
48. Nxc6+  Kb5  49. Ne7
g5  50. h4  gxh4
51. gxh4  Kb4  52. h5
Ka3  53. h6  Kxa2
54. h7  Kxb3  55. h8=Q a4 56.
Qd4  a3  57. Bd5+  Kc2
58. Qb4  a2  59. Bxa2
Kc1  60. Qd4  Kc2
61. Bf7  Kb1  62. Qd2
Ka1  63. Qa2#  1-0

[Event "MCR mladeze, Kouty 2018 - D10"]
[Site "Kouty nad Desnou"]
[Date "2018.03.11"]
[Round "2"]
[White "Souralova, Alena"]
[Black "Stavova, Marketa"]
[Result "0-1"]
[WhiteElo "1000"]
[BlackElo "1004"]
[EventDate "2018.03.10"]

1. e4  e5  2. Nf3  Nc6
3. Nc3  Nf6  4. Bc4
Bc5  5. O-O  O-O
6. d3  h6  7. Bd2
d6  8. Qe2  Nd4
9. Nxd4  Bxd4  10. Be3  Bxe3
11. Qxe3  Ng4  12. h3
Nxe3  13. Rfe1  Nxc4
14. dxc4  Qg5  15. Kf1
Qd2  16. Rad1  Qxc2
17. Re2 Qxd1+  18. Nxd1  Be6
19. b4  Bxc4  20. b5
Bxe2+  21. Kxe2  a6
22. a4  axb5  23. axb5
c6  24. bxc6  bxc6
25. Nc3  Ra3  26. Nb1
Ra2+  27. Kd3  d5
28. exd5  cxd5  29. f3
e4+  30. fxe4  dxe4+
31. Kxe4  Re8+  32. Kd3
Ra7  33. Kc4  Rd7
34. Kc5  Rc8+  35. Kb6
Rd1  36. Kb7  Rc2
37. Na3  Rb2+  38. Kc7
Rc1+  39. Kd6  Rd2+
40. Ke5  f6+  41. Kf4
g5+  42. Ke3  Ra2
43. Nb5  f5  44. Nd4
f4+  45. Kf3  Rc3+
46. Ke4  Re3+  47. Kf5
Ra5+ 48. Kg4 Kg7  49. Kh5  g4+
50. Kh4  gxh3  51. gxh3
Kg6  52. Kg4  f3
53. Kg3  f2+  54. Kxf2
Rxh3  55. Kg2  Rd3
56. Ne6  Ra2+  57. Kf1
Rd1# 0-1

[Event "MCR mladeze, Kouty 2018 - D10"]
[Site "Kouty nad Desnou"]
[Date "2018.03.11"]
[Round "2"]
[White "Barteckova, Nikol"]
[Black "Zamarska, Natalie"]
[Result "0-1"]
[WhiteElo "1000"]
[BlackElo "1000"]
[EventDate "2018.03.10"]

1. e4  e5  2. Nf3  Nc6
3. Nc3  Nf6  4. Bb5
Bc5  5. O-O  O-O
6. Na4  d6  7. d3
Bg4  8. Bg5  Nd4 9. Nd2 Bxd1
10. Raxd1  Nxb5  11. c3
h6  12. Bh4  Re8
13. Rde1  d5  14. Rd1
dxe4  15. Nxc5  exd3
16. Nxb7  Rb8  17. Nxd8
Rbxd8  18. Rde1  Re7
19. Re3  Ng4 20. h3 Nxe3  21.
fxe3  g5  22. Bf2  Rde8
23. e4  Nd6 24. Bc5 Re6  25. Rf3
Nb7  26. Bb4  c5 27. Ba3 Na5 28.
b4 cxb4  29. cxb4  Nc6  30. Rxd3
a5  31. bxa5 Nxa5 32. g3  h5
33. h4  g4  34. Bb4
Nc6  35. Nc4  Nxb4
36. a3  Nc2  37. Kf2
Rf6+  38. Ke2  Nd4+
39. Kd2  Rf2+  40. Ke1
Re2+  41. Kd1  Rb8
42. Na5  Rb1# 0-1

[Event "MCR mladeze, Kouty 2018 - D10"]
[Site "Kouty nad Desnou"]
[Date "2018.03.12"]
[Round "3"]
[White "Janouskova, Adela"]
[Black "Dudkova, Josefina"]
[Result "1-0"]
[WhiteElo "1399"]
[BlackElo "1182"]
[EventDate "2018.03.10"]

1. e4  d5  2. exd5  Nf6
3. d4  Bg4  4. Nf3
Qxd5  5. Nc3  Qh5
6. Be2  Nc6  7. h3
O-O-O  8. O-O  Bxh3
9. Ng5  Bg4  10. f3
Bd7  11. g4  Qh4
12. Kg2  Qh6  13. Rh1
Nh5  14. Rxh5  Qf6
15. Be3  g6  16. Rh1
Bg7  17. Nge4  Qe6
18. d5  Qe5  19. f4
Qxe4+  20. Nxe4  Bxb2
21. Rb1  1-0